হুমায়ুন কবির : (Record no. 40161)
[ view plain ]
| 000 -LEADER | |
|---|---|
| fixed length control field | 01025nam a2200253 a 4500 |
| 001 - CONTROL NUMBER | |
| control field | 40161 |
| 003 - CONTROL NUMBER IDENTIFIER | |
| rucl marc code | BD-RjUL |
| 005 - DATE AND TIME OF LATEST TRANSACTION | |
| control field | 20211209053141.0 |
| 008 - FIXED-LENGTH DATA ELEMENTS--GENERAL INFORMATION | |
| fixed length control field | 160423s2005 bg a|||| |||| 001 0 ben d |
| 020 ## - INTERNATIONAL STANDARD BOOK NUMBER | |
| International Standard Book Number | 9840744429 |
| Terms of availability | : tk. 90.00 |
| 035 ## - SYSTEM CONTROL NUMBER | |
| System control number | (BD-RjUL)40276 |
| 040 ## - CATALOGING SOURCE | |
| Original cataloging agency | BD-RjUL |
| Language of cataloging | ben |
| Transcribing agency | BD-RjUL |
| 041 ## - LANGUAGE CODE | |
| Language code of text/sound track or separate title | ben |
| 082 ## - DEWEY DECIMAL CLASSIFICATION NUMBER | |
| Edition number | 23 |
| Classification number | 891.4409 |
| Author mark and year | RAH 2005 |
| 100 ## - MAIN ENTRY--PERSONAL NAME | |
| Personal name | রহমান, মাসুদ |
| 9 (RLIN) | 123650 |
| 245 10 - TITLE STATEMENT | |
| Title | হুমায়ুন কবির : |
| Remainder of title | জীবন ও সাহিত্য |
| Statement of responsibility, etc. | মাসুদ রহমান |
| 260 ## - PUBLICATION, DISTRIBUTION, ETC. (IMPRINT) | |
| Place of publication, distribution, etc. | ঢাকা : |
| Name of publisher, distributor, etc. | বাংলা একাডেমী, |
| Date of publication, distribution, etc. | ২০০৫ |
| 300 ## - PHYSICAL DESCRIPTION | |
| Pagination | [৬] ১৪৮ পৃ. : |
| Illustrations | চিত্র. ; |
| Size | ২৫ সেমি. |
| 500 ## - GENERAL NOTE | |
| General note | নির্ঘন্ট সংযুক্ত |
| 600 ## - SUBJECT ADDED ENTRY--PERSONAL NAME | |
| Personal name | কবির, হুমায়ুন |
| 650 ## - SUBJECT ADDED ENTRY--TOPICAL TERM | |
| Topical term or geographic name as entry element | বাংলা সাহিত্য |
| General subdivision | ইতিহাস ও সমালোচনা |
| 9 (RLIN) | 118060 |
| Topical term or geographic name as entry element | Bengali Literature |
| General subdivision | History and Criticism |
| 9 (RLIN) | 117020 |
| 942 ## - ADDED ENTRY ELEMENTS (KOHA) | |
| Source of classification or shelving scheme | Dewey Decimal Classification |
| Koha item type | Books |
| Lost status | Source of classification or shelving scheme | Damaged status | Not for loan | Collection code | Permanent Location | Current Location | Shelving location | Date acquired | Source of acquisition | Cost, normal purchase price | Total Checkouts | Full call number | Date last seen | Copy number | Koha item type |
|---|---|---|---|---|---|---|---|---|---|---|---|---|---|---|---|
| Dewey Decimal Classification | Not For Loan | Non-fiction | Central Library, University of Rajshahi | Central Library, University of Rajshahi | Reading Room | 12/08/2009 | Bangla Academi, Dhaka | 145.00 | B 891.4409 RAH 2005 | 23/04/2016 | C-1 | Books |